| 000 | 00682cam a22001814a 4500 | ||
|---|---|---|---|
| 005 | 20250605164345.0 | ||
| 008 | 250528s ||||||||||||||||||||||||d | ||
| 035 | _a23848 | ||
| 040 |
_aGR-AtMCL _bgre _dGR-AtMCL _eAACR2 |
||
| 245 | 1 | _aFourth Annual Global Forum - 4ο Ετήσιο Διεθνές Συνέδριο / Ενέργεια και Τεχνολογία και Βιοπολιτική στη Νέα Χιλιετία - Moving Technology and Energy and Environment (Biopolitics) into the Next Millenium | |
| 260 | _c1999 | ||
| 300 | _a166 | ||
| 710 | 2 |
_aEuro-American Women'S Council _99821 |
|
| 942 | _cCR | ||
| 999 |
_c8773 _d8773 |
||